| 000 | 00457nam a22001577a 4500 | ||
|---|---|---|---|
| 003 | OSt | ||
| 005 | 20240415101401.0 | ||
| 008 | 240415b |||||||| |||| 00| 0 eng d | ||
| 040 | _cMRSPTU | ||
| 100 | _aRam Sarup Sharma (ਰਾਮ ਸਰੂਪ ਸ਼ਰਮਾ) | ||
| 245 | _aA Book of Tarksheel Booliyana (ਤਰਕਸ਼ੀਲ ਬੋਲੀਆਂ) | ||
| 250 | _a1st | ||
| 260 |
_aPunjab _bTarkbharti Parkashan _c1996 |
||
| 300 | _a55 | ||
| 942 |
_2ddc _cBK _n0 |
||
| 999 |
_c10028 _d10028 |
||